[Event "Liga Insular Gran Canaria 1a Descenso"]
[Site "Las Palmas"]
[Date "2019.06.01"]
[Round "2.3"]
[White "Sanchez Santamaria, Raul"]
[Black "Suarez Diaz, Vicente"]
[Result "1-0"]
[WhiteElo "1224"]
[BlackElo "1462"]
[PlyCount "107"]
[EventDate "2019.05.25"]
[EventType "team-tourn"]
[EventRounds "3"]
[EventCountry "ESP"]
[SourceTitle "EXT 2021"]
[Source "ChessBase"]
[SourceDate "2020.10.23"]
[SourceVersion "1"]
[SourceVersionDate "2020.10.23"]
[SourceQuality "1"]
[WhiteTeam "Hotel Avda de Canarias III"]
[BlackTeam "Grandama II"]
[WhiteTeamCountry "ESP"]
[BlackTeamCountry "ESP"]

1. e4 c5 2. Nf3 Nc6 3. d4 cxd4 4. Nxd4 e6 5. Nc3 Bc5 6. Be3 Nxd4 7. Bxd4 Bxd4 8. Qxd4 Qf6 9. 0-0-0 Qxd4 10. Rxd4 a6 11. Be2 Ne7 12. h4 b5 13. a3 Nc6 14. Rd2 0-0 15. h5 h6 16. g4 f6 17. f4 e5 18. Nd5 Nd4 19. fxe5 fxe5 20. Rg1 Rf2 21. Bd1 Rf7 22. c3 Nf3 23. Bxf3 Rxf3 24. Rdg2 Bb7 25. g5 Bxd5 26. exd5 hxg5 27. Rxg5 Rf7 28. Rxe5 Raf8 29. Reg5 Rf1+ 30. Rxf1 Rxf1+ 31. Kc2 Rh1 32. Kb3 Kh7 33. Kb4 Kh6 34. Rg6+ Kh7 35. Rxa6 Rxh5 36. Kxb5 Rxd5+ 37. Kc4 Rd2 38. b4 g5 39. Rf6 g4 40. Rf1 g3 41. b5 Kg6 42. Rb1 g2 43. b6 Rb2 44. Rg1 Kg5 45. b7 Kf6 46. Rxg2 Rxb7 47. Re2 d6 48. a4 Rc7+ 49. Kb4 d5 50. a5 Rc4+ 51. Kb3 Re4 52. Rxe4 dxe4 53. a6 e3 54. Kc2 1-0

[Event "Las Palmas Insular-chT Segunda 1718"]
[Site "Las Palmas"]
[Date "2018.02.24"]
[Round "8.4"]
[White "Rodriguez Noda, Maria Dolores"]
[Black "Suarez Diaz, Vicente"]
[Result "0-1"]
[WhiteElo "1330"]
[BlackElo "1499"]
[PlyCount "126"]
[EventDate "2017.10.28"]
[EventType "team-swiss"]
[EventRounds "9"]
[EventCountry "ESP"]
[SourceTitle "EXT 2021"]
[Source "ChessBase"]
[SourceDate "2020.10.23"]
[SourceVersion "1"]
[SourceVersionDate "2020.10.23"]
[SourceQuality "1"]
[WhiteTeam "Anand III"]
[BlackTeam "Grandama II"]
[WhiteTeamCountry "ESP"]
[BlackTeamCountry "ESP"]

1. d4 e6 2. Nf3 Nf6 3. e3 Nc6 4. Bd3 Bb4+ 5. Bd2 Bxd2+ 6. Nbxd2 d5 7. c3 Bd7 8. Ne5 Nxe5 9. dxe5 Ng8 10. Nf3 Ne7 11. 0-0 0-0 12. Ng5 Ng6 13. Qg4 h6 14. Nf3 Ne7 15. Nh4 f5 16. Qg3 Be8 17. Be2 Kh8 18. a4 g5 19. Nf3 Ng6 20. Nd4 Qe7 21. Qh3 Kg7 22. g3 Nxe5 23. f4 g4 24. Qg2 Ng6 25. Qf2 c5 26. Nc2 Bc6 27. Bb5 Bxb5 28. axb5 b6 29. Qd2 Qd7 30. b3 Qxb5 31. b4 Ne7 32. Rfb1 Qc6 33. Ra6 Rfc8 34. Ne1 Qb5 35. Rba1 Nc6 36. Qb2 Kf7 37. Qc2 cxb4 38. Qb3 Qc4 39. Qa4 d4 40. Rc1 Z0 41. cxb4 Qxb4 42. Qxb4 Nxb4 43. Rxc8 Rxc8 44. Rxa7+ Kg6 45. exd4 Nd5 46. Kf2 Rc4 47. Ra8 Rxd4 48. Ng2 b5 49. Ra7 Re4 50. Ra8 b4 51. Rb8 Rc4 52. Nh4+ Kg7 53. Rb7+ Rc7 54. Rb8 Rc2+ 55. Kg1 Rc3 56. Rb7+ Kf6 57. Rh7 b3 58. Rxh6+ Ke7 59. Ng6+ Kd6 60. Nf8 Nc7 61. Rh7 b2 62. Rd7+ Kc6 63. Rd1 Rc1 0-1

[Event "Las Palmas Insular-chT Segunda 1718"]
[Site "Las Palmas"]
[Date "2018.01.20"]
[Round "6.4"]
[White "Starcevic, Mladen"]
[Black "Suarez Diaz, Vicente"]
[Result "1-0"]
[WhiteElo "1579"]
[BlackElo "1499"]
[PlyCount "96"]
[EventDate "2017.10.28"]
[EventType "team-swiss"]
[EventRounds "9"]
[EventCountry "ESP"]
[SourceTitle "EXT 2019"]
[Source "ChessBase"]
[SourceDate "2018.10.10"]
[SourceVersion "1"]
[SourceVersionDate "2018.10.10"]
[SourceQuality "1"]
[WhiteTeam "Mogan"]
[BlackTeam "Grandama II"]
[WhiteTeamCountry "ESP"]
[BlackTeamCountry "ESP"]

1. e4 c5 2. Nf3 Nc6 3. d4 cxd4 4. Nxd4 Nf6 5. Nc3 e5 6. Ndb5 a6 7. Nd6+ Bxd6 8. Qxd6 Qe7 9. Qxe7+ Nxe7 10. Bg5 h6 11. Bxf6 gxf6 12. 0-0-0 b5 13. f3 f5 14. exf5 Nxf5 15. Nd5 Ra7 16. Bd3 d6 17. Nf6+ Ke7 18. Nd5+ Ke6 19. Be4 Nd4 20. g4 f5 21. gxf5+ Nxf5 22. Rhg1 Kf7 23. Nb6 Nd4 24. Rd2 Bf5 25. Rdg2 Rh7 26. c3 Bxe4 27. fxe4 Ne6 28. Rf2+ Nf4 29. Nd5 Rg7 30. Rxg7+ Kxg7 31. Nxf4 exf4 32. Rxf4 Re7 33. Kd2 Kg6 34. h4 Re5 35. Kd3 a5 36. b3 d5 37. Kd4 Rxe4+ 38. Rxe4 dxe4 39. Kxe4 Kh5 40. c4 bxc4 41. bxc4 Kxh4 42. Kf4 Kh3 43. c5 h5 44. c6 h4 45. Kf3 Kh2 46. Kf2 h3 47. c7 a4 48. c8Q a3 1-0

[Event "Las Palmas Insular-chT Segunda 1718"]
[Site "Las Palmas"]
[Date "2017.11.25"]
[Round "3.4"]
[White "Suarez Diaz, Vicente"]
[Black "Macias Reyes, Jose Luis"]
[Result "1-0"]
[WhiteElo "1499"]
[BlackElo "1553"]
[PlyCount "97"]
[EventDate "2017.10.28"]
[EventType "team-swiss"]
[EventRounds "9"]
[EventCountry "ESP"]
[SourceTitle "EXT 2019"]
[Source "ChessBase"]
[SourceDate "2018.10.10"]
[SourceVersion "1"]
[SourceVersionDate "2018.10.10"]
[SourceQuality "1"]
[WhiteTeam "Grandama III"]
[BlackTeam "Sociedad La Montana II"]
[WhiteTeamCountry "ESP"]
[BlackTeamCountry "ESP"]

1. d4 d5 2. c4 c6 3. Nc3 Nf6 4. Nf3 e6 5. Bf4 dxc4 6. e3 b5 7. Be2 Bb7 8. 0-0 Nbd7 9. Qc2 Be7 10. Rad1 Nh5 11. Be5 Qb6 12. Ne4 Nxe5 13. Nxe5 Nf6 14. Ng5 g6 15. Ngxf7 Rf8 16. Ng5 Bc8 17. Bf3 Bd7 18. Nxe6 Rg8 19. Ng5 0-0-0 20. Nef7 Rdf8 21. e4 Rg7 22. Ne5 h6 23. Nxd7 Kxd7 24. Nh3 g5 25. e5 Nd5 26. Bg4+ Kd8 27. Qe4 Qc7 28. f4 Nxf4 29. Nxf4 gxf4 30. Rxf4 Rgf7 31. Rdf1 Bg5 32. Rxf7 Rxf7 33. Bf3 c5 34. Qd5+ Ke7 35. Qxc5+ Qxc5 36. dxc5 Be3+ 37. Kh1 Bxc5 38. Rd1 Rf4 39. h3 Bd4 40. Bc6 Bxe5 41. Bxb5 Bxb2 42. Rd7+ Kf6 43. Rxa7 Rf1+ 44. Kh2 Be5+ 45. g3 Rf3 46. Kh1 Rxg3 47. Bxc4 Rxh3+ 48. Kg1 Rc3 49. Be2 1-0

[Event "Las Palmas Insular-chT Segunda 1718"]
[Site "Las Palmas"]
[Date "2017.10.28"]
[Round "1.4"]
[White "Suarez Diaz, Vicente"]
[Black "Bolanos Viera, Manuel Jesus"]
[Result "0-1"]
[WhiteElo "1499"]
[BlackElo "1531"]
[PlyCount "68"]
[EventDate "2017.10.28"]
[EventType "team-swiss"]
[EventRounds "9"]
[EventCountry "ESP"]
[SourceTitle "EXT 2019"]
[Source "ChessBase"]
[SourceDate "2018.10.10"]
[SourceVersion "1"]
[SourceVersionDate "2018.10.10"]
[SourceQuality "1"]
[WhiteTeam "Grandama III"]
[BlackTeam "Sociedad La Montana III"]
[WhiteTeamCountry "ESP"]
[BlackTeamCountry "ESP"]

1. d4 Nf6 2. c4 g6 3. Nc3 Bg7 4. Nf3 d6 5. Bf4 Nbd7 6. Qd2 0-0 7. e4 c5 8. Bh6 cxd4 9. Nxd4 Nc5 10. Bxg7 Kxg7 11. Bd3 e5 12. Nde2 Qa5 13. f3 Nb3 14. Qd1 Nxa1 15. Qxa1 Qb6 16. Nd1 Be6 17. b3 Nh5 18. f4 Nxf4 19. Nxf4 Qb4+ 20. Ke2 Bg4+ 21. Kf2 Qd2+ 22. Ne2 Qxd3 23. Ndc3 Bxe2 24. Nxe2 f5 25. Rd1 Qxe4 26. Rxd6 Rad8 27. Qd1 Rxd6 28. Qxd6 f4 29. Qc5 f3 30. gxf3 Rxf3+ 31. Ke1 Qb1+ 32. Kd2 Qxa2+ 33. Ke1 Qa1+ 34. Kd2 e4 0-1